[Event "ODJM B 2023"]
[Site "Willingen GER"]
[Date "2023.05.31"]
[Round "5"]
[White "Jacoby, Angelina"]
[Black "Direk, Oguzhan"]
[Result "0-1"]
[Termination "normal"]
[Board "24"]
[WhiteElo "1583"]
[BlackElo "1553"]
[WhiteClock "00:04:34"]
[BlackClock "00:26:44"]
[PlyCount "74"]
[WhiteFideId "12999008"]
[BlackFideId "16294343"]
[EventCountry "GER"]
[EventRounds "9"]
[EventType "swiss"]
[EventDate "2023.05.27"]

1. d4 {[%emt 00:00:07]} d5 {[%clk 01:30:58]} 2. Bf4 {[%clk 01:31:17]} {[%emt
00:00:07]} e6 {[%clk 01:30:30]} {[%emt 00:00:58]} 3. e3 {[%clk 01:31:40]}
{[%emt 00:00:08]} Nf6 {[%clk 01:29:59]} {[%emt 00:01:01]} 4. Nf3 {[%clk
01:30:33]} {[%emt 00:01:36]} c5 {[%clk 01:28:11]} {[%emt 00:02:18]} 5. c3
{[%clk 01:28:18]} {[%emt 00:02:46]} Nc6 {[%clk 01:25:53]} {[%emt 00:02:47]} 6.
Nbd2 {[%clk 01:27:17]} {[%emt 00:01:32]} Be7 {[%clk 01:25:08]} {[%emt
00:01:15]} 7. h3 {[%clk 01:27:39]} {[%emt 00:00:07]} Bd7 {[%clk 01:23:06]}
{[%emt 00:02:33]} 8. Bd3 {[%clk 01:25:46]} {[%emt 00:02:22]} Qb6 {[%clk
01:22:38]} {[%emt 00:01:00]} 9. Rb1 {[%clk 01:24:01]} {[%emt 00:02:14]} Rc8
{[%clk 01:17:40]} {[%emt 00:05:28]} 10. O-O {[%clk 01:20:48]} {[%emt 00:03:42]}
O-O {[%clk 01:16:44]} {[%emt 00:01:27]} 11. Qe2 {[%clk 01:19:12]} {[%emt
00:02:05]} Rfd8 {[%clk 01:12:48]} {[%emt 00:04:26]} 12. Ne5 {[%clk 01:11:54]}
{[%emt 00:07:49]} Bd6 {[%clk 01:05:35]} {[%emt 00:07:43]} 13. Ndf3 {[%clk
01:05:59]} {[%emt 00:06:23]} Qc7 {[%emt 00:20:16]} 14. Qc2 {[%clk 01:00:18]}
Be8 {[%clk 00:45:10]} {[%emt 00:07:21]} 15. g4 {[%clk 00:42:03]} {[%emt
00:18:45]} c4 {[%clk 00:42:15]} {[%emt 00:03:26]} 16. Be2 {[%clk 00:38:03]}
{[%emt 00:04:29]} Ne4 {[%clk 00:38:46]} {[%emt 00:04:00]} 17. Nxc6 {[%clk
00:29:51]} {[%emt 00:08:41]} Qxc6 {[%clk 00:38:09]} {[%emt 00:01:08]} 18. Bxd6
{[%clk 00:22:59]} {[%emt 00:07:21]} Qxd6 {[%clk 00:38:11]} {[%emt 00:00:28]}
19. Nd2 {[%clk 00:21:13]} {[%emt 00:02:17]} Nxd2 {[%clk 00:34:50]} {[%emt
00:03:51]} 20. Qxd2 {[%clk 00:21:29]} {[%emt 00:00:13]} f6 {[%clk 00:33:58]}
{[%emt 00:01:22]} 21. Bf3 {[%clk 00:20:32]} {[%emt 00:01:27]} Bg6 {[%clk
00:33:58]} {[%emt 00:00:30]} 22. Rbd1 {[%clk 00:19:13]} {[%emt 00:01:48]} Qa6
{[%clk 00:33:47]} {[%emt 00:00:41]} 23. a3 {[%clk 00:18:20]} {[%emt 00:01:24]}
Rc6 {[%clk 00:32:15]} {[%emt 00:02:02]} 24. Rfe1 {[%clk 00:14:19]} {[%emt
00:04:31]} Rb6 {[%clk 00:31:50]} {[%emt 00:00:55]} 25. e4 {[%clk 00:14:11]}
{[%emt 00:00:38]} Qb5 {[%clk 00:29:43]} {[%emt 00:02:37]} 26. Rb1 {[%clk
00:12:04]} {[%emt 00:02:38]} Ra6 {[%clk 00:28:04]} {[%emt 00:02:09]} 27. Qc1
{[%clk 00:09:38]} {[%emt 00:02:56]} Qd7 {[%clk 00:25:10]} {[%emt 00:03:24]} 28.
Ra1 {[%clk 00:08:31]} {[%emt 00:01:36]} dxe4 {[%clk 00:24:45]} {[%emt
00:00:55]} 29. Bxe4 {[%clk 00:08:55]} {[%emt 00:00:06]} Bxe4 {[%clk 00:25:09]}
{[%emt 00:00:07]} 30. Rxe4 {[%emt 00:00:08]} f5 {[%clk 00:25:31]} {[%emt
00:00:07]} 31. Re2 {[%clk 00:08:02]} {[%emt 00:01:43]} fxg4 {[%clk 00:25:35]}
{[%emt 00:00:28]} 32. hxg4 {[%clk 00:08:29]} {[%emt 00:00:03]} e5 {[%clk
00:25:52]} {[%emt 00:00:13]} 33. Rxe5 {[%clk 00:06:03]} {[%emt 00:02:57]} Qxg4+
{[%clk 00:25:59]} {[%emt 00:00:23]} 34. Kf1 {[%clk 00:06:23]} {[%emt 00:00:08]}
Rh6 {[%clk 00:26:19]} {[%emt 00:00:11]} 35. Qxh6 {[%clk 00:04:38]} {[%emt
00:02:15]} gxh6 {[%clk 00:26:37]} {[%emt 00:00:12]} 36. Rae1 {[%clk 00:04:52]}
{[%emt 00:00:16]} Qh3+ {[%clk 00:26:46]} {[%emt 00:00:21]} 37. Ke2 {[%clk
00:04:34]} {[%emt 00:00:48]} Qd3# {[%clk 00:26:44]} {[%emt 00:00:02]} 0-1

[Event "ODJM B 2023"]
[Site "Willingen GER"]
[Date "2023.05.31"]
[Round "5"]
[White "Hartwig, Eric-Jordan"]
[Black "Hornstein, Leonhard Orell"]
[Result "0-1"]
[Termination "normal"]
[Board "25"]
[WhiteElo "1534"]
[BlackElo "1476"]
[WhiteClock "00:51:37"]
[BlackClock "00:10:27"]
[PlyCount "68"]
[WhiteFideId "16298454"]
[BlackFideId "16254643"]
[EventCountry "GER"]
[EventRounds "9"]
[EventType "swiss"]
[EventDate "2023.05.27"]

1. Nf3 {[%clk 01:30:58]} {[%emt 00:00:02]} d5 {[%clk 01:30:56]} {[%emt
00:00:04]} 2. b3 {[%clk 01:31:18]} {[%emt 00:00:10]} e6 {[%clk 01:31:21]}
{[%emt 00:00:05]} 3. Bb2 {[%clk 01:31:43]} {[%emt 00:00:06]} f5 {[%clk
01:31:45]} {[%emt 00:00:05]} 4. e3 {[%clk 01:31:46]} {[%emt 00:00:27]} Nf6
{[%clk 01:32:10]} {[%emt 00:00:05]} 5. Be2 {[%clk 01:31:15]} {[%emt 00:01:01]}
Be7 {[%clk 01:32:33]} {[%emt 00:00:07]} 6. O-O {[%clk 01:31:29]} {[%emt
00:00:16]} O-O {[%clk 01:32:57]} {[%emt 00:00:06]} 7. Ne5 {[%clk 01:31:43]}
{[%emt 00:00:16]} Nbd7 {[%clk 01:32:42]} {[%emt 00:00:46]} 8. f4 {[%clk
01:31:44]} {[%emt 00:00:28]} Nxe5 {[%clk 01:32:53]} {[%emt 00:00:19]} 9. fxe5
{[%clk 01:32:08]} {[%emt 00:00:06]} Ne4 {[%clk 01:33:03]} {[%emt 00:00:20]} 10.
d3 {[%clk 01:32:28]} Nc5 {[%clk 01:33:09]} {[%emt 00:00:33]} 11. Nd2 {[%clk
01:32:35]} c6 {[%clk 01:30:24]} {[%emt 00:03:39]} 12. Bf3 {[%clk 01:31:21]} Qc7
{[%clk 01:27:41]} {[%emt 00:04:57]} 13. Qe1 {[%clk 01:28:24]} a5 {[%clk
01:22:43]} {[%emt 00:08:56]} 14. Ba3 Nxd3 {[%clk 01:20:52]} 15. cxd3 {[%clk
01:22:22]} {[%emt 00:02:43]} Bxa3 {[%clk 01:20:59]} {[%emt 00:00:23]} 16. d4
{[%clk 01:22:45]} {[%emt 00:00:07]} c5 {[%clk 01:20:00]} {[%emt 00:01:30]} 17.
Rb1 {[%clk 01:21:17]} {[%emt 00:01:57]} Bd7 {[%clk 01:06:25]} {[%emt 00:14:05]}
18. Be2 {[%clk 01:15:34]} {[%emt 00:06:12]} Qb6 {[%clk 01:04:29]} {[%emt
00:02:26]} 19. Qh4 {[%clk 01:13:05]} {[%emt 00:02:59]} Bb5 {[%clk 01:02:40]}
{[%emt 00:02:20]} 20. Bxb5 {[%clk 01:11:37]} {[%emt 00:01:58]} Qxb5 {[%clk
01:03:07]} {[%emt 00:00:03]} 21. Nf3 {[%clk 01:11:58]} {[%emt 00:00:09]} h6
{[%clk 01:00:05]} {[%emt 00:03:32]} 22. Qh5 {[%clk 01:09:17]} {[%emt 00:03:11]}
Qd3 {[%clk 00:57:57]} {[%emt 00:02:38]} 23. Qg6 {[%clk 01:06:27]} {[%emt
00:03:20]} Qxe3+ {[%clk 00:57:27]} {[%emt 00:01:00]} 24. Kh1 {[%clk 01:06:50]}
{[%emt 00:00:07]} Ra6 {[%clk 00:53:15]} {[%emt 00:04:41]} 25. Rbe1 {[%clk
01:05:48]} {[%emt 00:01:33]} Qc3 {[%clk 00:40:01]} {[%emt 00:13:44]} 26. Rd1
{[%clk 01:01:39]} {[%emt 00:04:39]} c4 {[%clk 00:34:58]} {[%emt 00:05:33]} 27.
g4 {[%clk 00:58:11]} {[%emt 00:03:57]} cxb3 {[%clk 00:24:24]} {[%emt 00:11:05]}
28. g5 {[%clk 00:57:30]} {[%emt 00:01:11]} Qe3 {[%clk 00:17:44]} {[%emt
00:07:10]} 29. Rde1 {[%clk 00:55:38]} {[%emt 00:02:22]} Qf4 {[%clk 00:17:33]}
{[%emt 00:00:41]} 30. h4 {[%clk 00:56:03]} {[%emt 00:00:05]} b2 {[%clk
00:14:48]} {[%emt 00:03:15]} 31. Rg1 {[%clk 00:51:20]} {[%emt 00:05:13]} Qxf3+
{[%clk 00:10:59]} {[%emt 00:04:19]} 32. Rg2 {[%clk 00:51:44]} {[%emt 00:00:05]}
Qf4 {[%clk 00:10:00]} {[%emt 00:01:30]} 33. gxh6 {[%clk 00:51:33]} {[%emt
00:00:41]} Qxh4+ {[%clk 00:10:07]} {[%emt 00:00:23]} 34. Rh2 {[%clk 00:51:37]}
{[%emt 00:00:26]} Qxe1+ {[%clk 00:10:27]} {[%emt 00:00:10]} 0-1

[Event "ODJM B 2023"]
[Site "Willingen GER"]
[Date "2023.05.31"]
[Round "5"]
[White "Fock, Madiha"]
[Black "Wilmink, Luca"]
[Result "1-0"]
[Termination "normal"]
[Board "26"]
[WhiteElo "1493"]
[BlackElo "1530"]
[WhiteClock "01:12:15"]
[BlackClock "00:53:20"]
[PlyCount "41"]
[WhiteFideId "16253574"]
[BlackFideId "16245253"]
[EventCountry "GER"]
[EventRounds "9"]
[EventType "swiss"]
[EventDate "2023.05.27"]

1. e4 {[%clk 01:30:59]} {[%emt 00:46:56]} c5 {[%clk 01:30:48]} {[%emt
00:00:12]} 2. Nf3 {[%clk 01:31:26]} {[%emt 00:00:03]} Nc6 {[%clk 01:29:03]}
{[%emt 00:02:16]} 3. d4 {[%clk 01:31:52]} {[%emt 00:00:03]} cxd4 {[%clk
01:28:18]} {[%emt 00:01:15]} 4. Nxd4 {[%clk 01:32:16]} {[%emt 00:00:06]} g6
{[%clk 01:26:03]} {[%emt 00:02:44]} 5. Nc3 {[%clk 01:32:38]} {[%emt 00:00:09]}
Bg7 {[%clk 01:25:15]} {[%emt 00:01:18]} 6. Be3 {[%clk 01:32:46]} {[%emt
00:00:21]} Nf6 {[%clk 01:22:38]} {[%emt 00:03:08]} 7. Bc4 {[%clk 01:32:49]}
{[%emt 00:00:27]} O-O {[%clk 01:22:20]} {[%emt 00:00:48]} 8. Bb3 {[%clk
01:33:15]} {[%emt 00:00:04]} d6 {[%clk 01:19:01]} {[%emt 00:03:49]} 9. f3
{[%clk 01:33:20]} {[%emt 00:00:25]} a6 {[%clk 01:13:13]} {[%emt 00:06:18]} 10.
Qd2 {[%clk 01:29:20]} {[%emt 00:04:29]} Bd7 {[%clk 01:09:50]} {[%emt 00:03:54]}
11. O-O-O {[%clk 01:25:16]} {[%emt 00:04:34]} b5 {[%clk 01:08:25]} {[%emt
00:01:54]} 12. h4 {[%clk 01:21:15]} {[%emt 00:04:31]} b4 {[%clk 01:03:25]}
{[%emt 00:05:31]} 13. Nd5 {[%clk 01:17:55]} {[%emt 00:03:50]} a5 {[%clk
01:00:44]} {[%emt 00:03:12]} 14. Nxf6+ {[%clk 01:13:25]} {[%emt 00:04:59]} Bxf6
{[%clk 01:00:58]} {[%emt 00:00:16]} 15. h5 {[%clk 01:12:53]} {[%emt 00:01:02]}
Kh8 {[%clk 00:55:12]} {[%emt 00:06:16]} 16. hxg6 {[%clk 01:11:51]} {[%emt
00:01:32]} fxg6 {[%clk 00:55:28]} {[%emt 00:00:13]} 17. Rxh7+ {[%clk 01:11:05]}
{[%emt 00:01:17]} Kxh7 {[%clk 00:54:14]} {[%emt 00:01:44]} 18. Rh1+ {[%clk
01:11:30]} {[%emt 00:00:05]} Bh4 {[%clk 00:53:23]} {[%emt 00:01:21]} 19. Rxh4+
{[%clk 01:11:54]} {[%emt 00:00:06]} Kg7 {[%clk 00:53:04]} {[%emt 00:00:49]} 20.
Bh6+ {[%clk 01:12:20]} {[%emt 00:00:04]} Kf6 {[%clk 00:53:20]} {[%emt
00:00:14]} 21. Qg5# {[%clk 01:12:15]} {[%emt 00:00:04]} 1-0

[Event "ODJM B 2023"]
[Site "Willingen GER"]
[Date "2023.05.31"]
[Round "5"]
[White "Borgmann, Simon"]
[Black "Beberhold, Otto Richard"]
[Result "0-1"]
[Termination "normal"]
[Board "27"]
[WhiteElo "1543"]
[BlackElo "1427"]
[WhiteClock "00:25:51"]
[BlackClock "00:52:15"]
[PlyCount "50"]
[WhiteFideId "16234677"]
[BlackFideId "34617248"]
[EventCountry "GER"]
[EventRounds "9"]
[EventType "swiss"]
[EventDate "2023.05.27"]

1. d4 {[%clk 01:30:40]} {[%emt 00:00:20]} d5 {[%clk 01:30:53]} {[%emt
00:00:07]} 2. Nf3 {[%clk 01:31:05]} {[%emt 00:00:05]} Nf6 {[%clk 01:31:16]}
{[%emt 00:00:06]} 3. e3 {[%clk 01:31:01]} {[%emt 00:00:34]} c5 {[%clk
01:31:21]} {[%emt 00:00:26]} 4. b3 {[%clk 01:29:23]} {[%emt 00:02:08]} cxd4
{[%clk 01:31:11]} {[%emt 00:00:40]} 5. Nxd4 {[%clk 01:28:24]} {[%emt 00:01:30]}
e5 {[%clk 01:30:35]} {[%emt 00:01:05]} 6. Nf3 {[%clk 01:27:13]} {[%emt
00:01:41]} Nc6 {[%clk 01:30:11]} {[%emt 00:00:55]} 7. Bb2 {[%clk 01:19:50]}
{[%emt 00:07:52]} Bd6 {[%clk 01:29:42]} {[%emt 00:00:58]} 8. Be2 {[%clk
01:19:55]} {[%emt 00:00:26]} O-O {[%clk 01:28:52]} {[%emt 00:01:20]} 9. O-O
{[%clk 01:19:13]} {[%emt 00:01:12]} Qc7 {[%clk 01:28:39]} {[%emt 00:00:42]} 10.
Ba3 {[%clk 01:12:55]} {[%emt 00:06:49]} Bf5 {[%clk 01:26:08]} {[%emt 00:03:00]}
11. Bxd6 {[%clk 01:01:21]} {[%emt 00:12:05]} Qxd6 {[%clk 01:25:30]} {[%emt
00:01:08]} 12. a3 {[%clk 00:57:42]} {[%emt 00:04:09]} Rfd8 {[%clk 01:23:42]}
{[%emt 00:02:18]} 13. Nbd2 {[%clk 00:49:54]} {[%emt 00:08:18]} Rac8 {[%clk
01:21:44]} {[%emt 00:02:27]} 14. Nh4 {[%clk 00:43:40]} {[%emt 00:06:45]} Be6
{[%clk 01:18:50]} {[%emt 00:03:23]} 15. Qb1 {[%clk 00:42:01]} {[%emt 00:02:09]}
e4 {[%clk 01:16:35]} {[%emt 00:02:46]} 16. g3 {[%clk 00:39:44]} {[%emt
00:02:47]} Ne5 {[%clk 01:11:57]} {[%emt 00:05:07]} 17. Rd1 {[%clk 00:35:38]}
{[%emt 00:04:36]} Qc6 {[%clk 01:09:48]} {[%emt 00:02:39]} 18. Rc1 {[%clk
00:34:01]} {[%emt 00:02:08]} Qc3 {[%clk 01:09:07]} {[%emt 00:01:10]} 19. Nf1
{[%clk 00:30:32]} {[%emt 00:04:00]} g5 {[%clk 01:02:15]} {[%emt 00:07:21]} 20.
Ng2 {[%clk 00:30:43]} {[%emt 00:00:19]} Bg4 {[%clk 01:02:22]} {[%emt 00:00:23]}
21. Bxg4 {[%clk 00:30:04]} {[%emt 00:01:09]} Nfxg4 {[%clk 01:02:43]} {[%emt
00:00:09]} 22. Ne1 {[%clk 00:28:52]} {[%emt 00:01:42]} d4 {[%clk 01:02:01]}
{[%emt 00:01:12]} 23. h3 {[%clk 00:28:09]} {[%emt 00:01:14]} Nxf2 {[%clk
00:51:53]} {[%emt 00:10:38]} 24. Kxf2 {[%clk 00:25:51]} {[%emt 00:02:48]} dxe3+
{[%clk 00:52:15]} {[%emt 00:00:08]} 25. Kg2 {[%emt 00:02:21]} e2 {[%emt
00:00:04]} 0-1

[Event "ODJM B 2023"]
[Site "Willingen GER"]
[Date "2023.05.31"]
[Round "5"]
[White "Sitnik, Arthur"]
[Black "Wang, Simon"]
[Result "1-0"]
[Termination "normal"]
[Board "28"]
[WhiteElo "1267"]
[BlackElo "1483"]
[WhiteClock "00:02:58"]
[BlackClock "00:16:13"]
[PlyCount "49"]
[WhiteFideId "34608150"]
[BlackFideId "34605398"]
[EventCountry "GER"]
[EventRounds "9"]
[EventType "swiss"]
[EventDate "2023.05.27"]

1. e4 {[%clk 01:30:57]} c6 {[%clk 01:30:57]} {[%emt 00:00:04]} 2. d4 {[%clk
01:31:18]} {[%emt 00:00:08]} d5 {[%clk 01:31:22]} {[%emt 00:00:05]} 3. exd5
{[%clk 01:31:42]} {[%emt 00:00:07]} cxd5 {[%clk 01:31:47]} {[%emt 00:00:05]} 4.
Nf3 {[%clk 01:32:04]} {[%emt 00:00:08]} Nf6 {[%clk 01:32:10]} {[%emt 00:00:07]}
5. Bd3 {[%clk 01:32:02]} {[%emt 00:00:31]} Nc6 {[%clk 01:32:31]} {[%emt
00:00:10]} 6. c3 {[%clk 01:32:02]} {[%emt 00:00:29]} g6 {[%clk 01:32:55]}
{[%emt 00:00:06]} 7. Nbd2 {[%clk 01:31:11]} {[%emt 00:01:21]} Bf5 {[%clk
01:33:15]} {[%emt 00:00:10]} 8. Bxf5 {[%clk 01:30:08]} {[%emt 00:01:33]} gxf5
{[%clk 01:33:39]} {[%emt 00:00:06]} 9. Ne5 {[%clk 01:05:33]} {[%emt 00:25:05]}
e6 {[%clk 01:33:40]} {[%emt 00:00:30]} 10. f4 {[%clk 00:53:32]} {[%emt
00:12:31]} Ne4 {[%clk 01:28:30]} {[%emt 00:05:40]} 11. g3 {[%clk 00:41:52]}
{[%emt 00:12:09]} Qc7 {[%clk 01:19:55]} {[%emt 00:09:04]} 12. Qh5 {[%clk
00:33:04]} {[%emt 00:09:18]} Nxe5 {[%clk 01:12:37]} {[%emt 00:07:49]} 13. fxe5
{[%clk 00:25:52]} {[%emt 00:07:42]} h6 {[%clk 01:09:18]} {[%emt 00:03:49]} 14.
Nxe4 {[%clk 00:22:42]} {[%emt 00:03:40]} fxe4 {[%clk 01:07:17]} {[%emt
00:02:30]} 15. O-O {[%clk 00:18:15]} {[%emt 00:04:58]} Rh7 {[%clk 00:52:53]}
{[%emt 00:14:54]} 16. Bg5 {[%clk 00:16:15]} {[%emt 00:02:30]} Be7 {[%clk
00:41:31]} {[%emt 00:11:53]} 17. Bxe7 {[%clk 00:15:08]} {[%emt 00:01:36]} Qxe7
{[%clk 00:41:35]} {[%emt 00:00:26]} 18. Rf6 {[%clk 00:15:03]} {[%emt 00:00:35]}
Qf8 {[%clk 00:41:31]} {[%emt 00:00:34]} 19. Raf1 {[%clk 00:14:42]} {[%emt
00:00:51]} Ke7 {[%clk 00:33:13]} {[%emt 00:08:48]} 20. c4 {[%clk 00:12:30]}
{[%emt 00:02:42]} Rc8 {[%clk 00:31:39]} {[%emt 00:02:05]} 21. cxd5 {[%clk
00:12:06]} {[%emt 00:00:53]} exd5 {[%clk 00:29:06]} {[%emt 00:03:03]} 22. Qf5
{[%clk 00:05:52]} {[%emt 00:06:44]} Qg8 {[%clk 00:26:02]} {[%emt 00:03:34]} 23.
Rd6 {[%clk 00:02:45]} {[%emt 00:03:37]} Rc7 {[%clk 00:17:17]} {[%emt 00:09:15]}
24. Qf6+ {[%clk 00:02:41]} {[%emt 00:00:34]} Kf8 {[%clk 00:16:13]} {[%emt
00:01:34]} 25. Rd8# {[%clk 00:02:58]} {[%emt 00:00:13]} 1-0

[Event "ODJM B 2023"]
[Site "Willingen GER"]
[Date "2023.05.31"]
[Round "5"]
[White "Kauth, Lukas Michael"]
[Black "Göb, Franziska"]
[Result "1-0"]
[Termination "normal"]
[Board "29"]
[WhiteElo "1315"]
[BlackElo "1278"]
[WhiteClock "00:18:37"]
[BlackClock "00:06:59"]
[PlyCount "61"]
[WhiteFideId "16272994"]
[BlackFideId "16293177"]
[EventCountry "GER"]
[EventRounds "9"]
[EventType "swiss"]
[EventDate "2023.05.27"]

1. d4 {[%clk 01:30:57]} {[%emt 00:00:02]} d5 {[%clk 01:30:54]} {[%emt
00:00:06]} 2. Nc3 {[%clk 01:31:20]} {[%emt 00:00:08]} c6 {[%clk 01:29:48]}
{[%emt 00:01:36]} 3. Bf4 {[%clk 01:31:36]} {[%emt 00:00:14]} Nf6 {[%clk
01:28:49]} {[%emt 00:01:29]} 4. e3 {[%clk 01:31:44]} {[%emt 00:00:22]} Bf5
{[%clk 01:28:25]} {[%emt 00:00:54]} 5. Nf3 {[%clk 01:31:56]} {[%emt 00:00:17]}
h6 {[%clk 01:27:06]} {[%emt 00:01:49]} 6. Bd3 {[%clk 01:30:22]} {[%emt
00:02:05]} Bxd3 {[%clk 01:24:20]} {[%emt 00:03:15]} 7. cxd3 {[%clk 01:30:34]}
{[%emt 00:00:18]} e6 {[%clk 01:20:19]} {[%emt 00:04:31]} 8. Qb3 {[%clk
01:30:09]} {[%emt 00:00:56]} Qb6 {[%clk 01:14:53]} {[%emt 00:05:56]} 9. h3
{[%clk 01:25:29]} {[%emt 00:05:09]} Nbd7 {[%clk 01:09:09]} {[%emt 00:06:14]}
10. O-O {[%clk 01:24:50]} {[%emt 00:01:10]} Be7 {[%clk 01:04:29]} {[%emt
00:05:09]} 11. Rfe1 {[%clk 01:23:26]} {[%emt 00:01:54]} O-O {[%clk 01:02:58]}
{[%emt 00:02:01]} 12. Rac1 {[%clk 01:22:20]} {[%emt 00:01:37]} Rac8 {[%clk
00:57:05]} {[%emt 00:06:21]} 13. e4 {[%clk 01:17:38]} {[%emt 00:05:13]} Rfe8
{[%clk 00:51:25]} {[%emt 00:06:09]} 14. Qd1 {[%clk 00:51:53]} {[%emt 00:26:16]}
Qxb2 {[%clk 00:31:30]} {[%emt 00:20:26]} 15. e5 {[%clk 00:44:37]} {[%emt
00:07:46]} Nh7 {[%clk 00:29:14]} {[%emt 00:02:45]} 16. Bd2 {[%clk 00:35:55]}
{[%emt 00:09:12]} Qb6 {[%clk 00:24:14]} {[%emt 00:05:09]} 17. Rb1 {[%clk
00:34:10]} {[%emt 00:02:37]} Qc7 {[%clk 00:23:07]} {[%emt 00:01:35]} 18. Nh2
{[%clk 00:32:57]} {[%emt 00:01:44]} c5 {[%clk 00:17:55]} {[%emt 00:05:42]} 19.
Qg4 {[%clk 00:30:32]} {[%emt 00:02:55]} Kh8 {[%clk 00:16:17]} {[%emt 00:02:08]}
20. Nb5 {[%clk 00:24:44]} {[%emt 00:06:19]} Qb8 {[%clk 00:15:01]} {[%emt
00:01:46]} 21. Nd6 {[%clk 00:21:47]} {[%emt 00:03:27]} Bxd6 {[%clk 00:15:17]}
{[%emt 00:00:13]} 22. exd6 {[%clk 00:22:04]} {[%emt 00:00:13]} b6 {[%clk
00:12:26]} {[%emt 00:03:21]} 23. dxc5 {[%clk 00:21:18]} {[%emt 00:01:17]} Nxc5
{[%clk 00:11:33]} {[%emt 00:01:23]} 24. Bc3 {[%clk 00:19:27]} {[%emt 00:02:21]}
Rg8 {[%clk 00:10:38]} {[%emt 00:01:24]} 25. Be5 {[%clk 00:19:11]} {[%emt
00:00:47]} Qb7 {[%clk 00:10:15]} {[%emt 00:00:53]} 26. Re3 {[%clk 00:19:01]}
{[%emt 00:00:40]} Nd7 {[%clk 00:09:38]} {[%emt 00:01:07]} 27. Bd4 {[%clk
00:18:36]} {[%emt 00:00:54]} Nhf6 {[%clk 00:08:57]} {[%emt 00:01:11]} 28. Qh4
{[%clk 00:18:36]} {[%emt 00:00:31]} Qc6 {[%clk 00:08:09]} {[%emt 00:01:17]} 29.
Ng4 {[%clk 00:18:37]} {[%emt 00:00:30]} Nxg4 {[%clk 00:07:24]} {[%emt
00:01:15]} 30. hxg4 {[%clk 00:18:47]} {[%emt 00:00:19]} Qxd6 {[%clk 00:06:59]}
{[%emt 00:00:55]} 31. Qxh6# {[%clk 00:18:37]} {[%emt 00:00:10]} 1-0